Diabol v sukni - bez vlastných detí nesplnená túžba americkej filmovej hviezdy Sharon Stone

Bibliographic Details
Main Author: Kantor, Daniel (Author)
Format: Article
Language:Slovak
PhysicalDescription:Fotogr.
ISSN:1336-0272
Subjects:

MARC

LEADER 00000nab a2200000 a 4500
001 vtls008409377
003 SK-MaSNL
005 20260303070127.0
008 051114c200510 xo r p 000 00slo
015 |a SNBRB2005/11SVKPO 
038 |a SVKPOCL 
040 |a SVKPOCL  |b slo  |c SVKPO  |e AACR2 
041 0 |a slo 
044 |a xo  |c SK 
080 |a 791.44.071.2  |2 UDC-MRF-SK2 
080 |a 929 Stone, Sharon  |2 UDC-MRF-SK2 
100 1 |a Kantor, Daniel  |4 aut  |9 1058454 
245 1 0 |a Diabol v sukni - bez vlastných detí  |b nesplnená túžba americkej filmovej hviezdy Sharon Stone  |c Daniel Kantor 
300 |a Fotogr. 
600 1 7 |a Stone, Sharon,  |d 1958-  |2 svkpocl 
773 0 |t Imidž  |g Roč. VII , október (2005), s. 36-37  |x 1336-0272 
852 |a SVKPO  |b KIS3GCP 
958 |a BC 
958 |a US 
999 |c 1754053  |d 1755983